[Event "I Torneo entre Faros"]
[Site "?"]
[Date "2013.10.14"]
[Round "10"]
[White "Rapport, Richard"]
[Black "Cheparinov, Ivan"]
[Result "0-1"]
[WhiteElo "2676"]
[BlackElo "2672"]
[Annotator "MF Oscar de Prado"]
[PlyCount "85"]
[SourceDate "2010.01.11"]

1. d4 Nf6 2. Bg5 d5 3. e3 g6 4. Bxf6 exf6 5. c4 (5. g3 Bg7 6. Bg2 O-O 7. Ne2 c6
8. O-O) 5... dxc4 6. Bxc4 Bd6 (6... Bg7) 7. Nc3 c6 (7... O-O 8. h4 $5) (7...
Nd7) 8. Qc2 (8. h4) (8. Nf3) 8... Qe7 (8... O-O) 9. h3 (9. h4) (9. Nf3) 9...
Nd7 10. Nf3 Nb6 (10... f5) 11. Bb3 (11. Bd3) 11... Be6 (11... O-O) 12. O-O-O a5
13. Bxe6 Qxe6 14. Kb1 O-O 15. Qe4 Qd7 16. d5 (16. Ne5) 16... c5 17. Qh4 $6 (17.
Rhe1) (17. Qd3) 17... Kg7 18. e4 $2 (18. a3) 18... Na4 $15 19. Rc1 (19. Nxa4
Qxa4 20. Rhe1) 19... Rfe8 20. Rhe1 (20. Nxa4) 20... Nxc3+ 21. Rxc3 b5 22. Qg4
Qe7 (22... Qa7) 23. Rce3 (23. Nh4) 23... Qc7 24. Nh4 Kh8 25. g3 c4 (25... a4)
26. Qf3 (26. Nf3) 26... Qe7 27. Qd1 (27. Rc1) 27... Bc5 (27... a4) 28. R3e2 Bb4
(28... a4) 29. Rf1 c3 (29... a4) 30. Nf3 cxb2 (30... Kg7) 31. Nd4 Rac8 32. Nc6
Qd7 (32... Qc5) 33. Qb3 Qxh3 34. Rd1 Qg4 35. f3 $2 (35. Qe3) 35... Qxg3 $17 36.
e5 fxe5 37. d6 Rxc6 38. Qxf7 Rc1+ 39. Kxb2 Rxd1 40. Qxe8+ Kg7 41. Qe7+ Kh6 42.
Qf8+ Kh5 43. Qg7 (43. Qg7 Ba3+ 44. Kc2 Rc1+ 45. Kd3 Qxf3+ 46. Re3 Qd5+ 47. Ke2
Qg2+) 0-1

[Event "I Torneo entre Faros"]
[Site "?"]
[Date "2013.10.14"]
[Round "10"]
[White "Salgado, Ivan"]
[Black "Granda, Julio"]
[Result "0-1"]
[WhiteElo "2624"]
[BlackElo "2665"]
[Annotator "MF Oscar de Prado"]
[PlyCount "64"]
[SourceDate "2010.01.11"]

1. d4 d5 2. c4 e6 3. Nc3 Nf6 4. cxd5 exd5 5. Bg5 Be7 6. e3 Nbd7 7. Bd3 O-O 8.
Nf3 Re8 9. h3 (9. O-O) (9. Qc2) 9... a6 $5 (9... c5) (9... Nf8 10. Qc2 c6 11.
Bf4 Bd6 12. Bxd6 Qxd6 13. O-O-O Be6 14. Kb1 Rac8 15. g4 a6 16. Ng5 c5 17. dxc5
Qxc5 18. Nxe6 Nxe6 19. Bf5 Rc6 20. Qb3 Rb6 21. Na4 Rxb3 22. Nxc5 Rb6 23. Bxe6
fxe6 24. Rc1 Rc8 25. Rhd1 Rc7 26. f4 Ne8 27. Nd3 Rbc6 28. Rxc6 Rxc6 29. Rc1
Rxc1+ 30. Kxc1 Kf7 31. Kc2 b6 32. Nb4 Nc7 33. Nc6 Ke8 34. Kd3 Kd7 35. Ne5+ Ke7
36. h4 Ne8 37. g5 a5 38. Nc6+ Kd7 39. Ne5+ Ke7 40. Nc6+ Kd7 41. Nd4 Nd6 42. h5
Ne4 43. Nf3 Ng3 44. h6 gxh6 45. gxh6 Nf5 46. Ng5 Nxh6 47. Nxh7 Nf5 48. Ng5 Kd6
49. Nf3 Ng3 50. Ng5 Nf5 51. e4 dxe4+ 52. Kxe4 b5 53. Nf7+ Ke7 54. Ne5 Kd6 55.
Nf7+ Ke7 56. Ng5 Kd6 57. Kd3 Kd5 58. Ne4 Ne7 59. Nc3+ Kc5 60. Ne4+ Kd5 61. Nf6+
Kd6 62. Ne4+ {
1/2-1/2 (62) Dreev,A (2695)-Bruzon Bautista,L (2610) Esbjerg DEN 2003}) 10. O-O
b6 $5 (10... c5) (10... b5) 11. a3 (11. e4 dxe4 12. Nxe4 Bb7 $11) (11. Rc1 $14)
11... c5 12. dxc5 (12. Ne5) (12. Bf4) (12. Re1) 12... bxc5 13. e4 d4 14. Na4
Bb7 15. Re1 Bd6 16. b3 h6 17. Bxf6 Qxf6 18. Nb2 Re6 19. Nc4 Bc7 20. Ra2 Rae8
21. Rae2 Nf8 22. e5 Qd8 23. Be4 (23. Ncd2) 23... Bxe4 24. Rxe4 Qd5 25. Nh4 $2 (
25. Qd3 Ng6 26. g3 Bxe5 27. Nfxe5 Nxe5 28. Rxe5 Rxe5 29. Nxe5 Rxe5 30. Rxe5
Qxe5 31. Qxa6 Qe1+ 32. Qf1 Qe4 33. Qc4 $11) 25... Bxe5 26. Nxe5 Rxe5 27. Rxe5
Rxe5 28. Rxe5 Qxe5 29. Nf3 Qe4 30. b4 cxb4 31. axb4 d3 (31... Ne6) 32. Qa4 Qc4
0-1

[Event "I Torneo entre Faros"]
[Site "?"]
[Date "2013.10.13"]
[Round "9"]
[White "Bruzom, Lazaro"]
[Black "Rapport, Richard"]
[Result "1/2-1/2"]
[WhiteElo "2685"]
[BlackElo "2665"]
[Annotator "MF Oscar de Prado"]
[PlyCount "61"]
[SourceDate "2010.01.11"]

1. e4 e6 2. d4 d5 3. Nd2 Bd7 $5 {Una jugada rara en este momento, es normal
jugarla despuÃ s de tomar en e4 pero no antes} 4. Ngf3 Nf6 $5 (4... dxe4 5.
Nxe4 {Traspondra a la Rubinstein.}) 5. e5 (5. Bd3) 5... Ne4 (5... Ng8 6. Bd3
c5 7. c4 Bc6 8. O-O dxc4 9. Nxc4 b5 10. Bg5 Qd7 11. Na5 c4 12. Nxc6 Nxc6 13.
Be4 h6 14. d5 hxg5 15. dxc6 Qxd1 16. Rfxd1 Ne7 17. Rd7 Rc8 18. Rad1 g4 19. Ng5
Rh5 20. h4 gxh3 21. c7 Nd5 22. Bxd5 exd5 23. R1xd5 Be7 24. Ne4 h2+ 25. Kh1 Rh6
26. R7d6 Rh4 27. Rd8+ Bxd8 28. Nd6+ Kd7 29. cxd8=Q+ Kxd8 30. Nf5+ Kc7 31. Nxh4
Kc6 32. Rd6+ Kc5 33. a3 a5 34. Nf5 Re8 35. f4 g5 36. g3 gxf4 37. gxf4 b4 38.
axb4+ axb4 39. Ne3 c3 40. Rd5+ Kc6 41. bxc3 bxc3 42. Rd3 Kc5 43. Rxc3+ Kd4 44.
Ra3 Ke4 45. Ng2 Rh8 46. Ra7 Kf3 47. Rxf7 Rg8 48. Ra7 {
1-0 (48) Balogh,C (2432)-Radziewicz,I (2421) Budapest HUN 2002}) 6. Bd3 Nxd2 7.
Bxd2 h6 (7... Be7 8. O-O a6 9. Qe2 O-O 10. Rfe1 h6 11. c3 Re8 12. Bf4 Bf8 13.
Bc2 Nc6 14. Qd3 g6 15. Qd2 Kh7 16. h4 Ne7 17. g4 Bg7 18. h5 Rh8 19. Kg2 Kg8 20.
hxg6 Nxg6 21. Rh1 Nxf4+ 22. Qxf4 Rc8 23. g5 hxg5 24. Nxg5 f5 25. Rxh8+ Bxh8 26.
Rh1 Qe7 27. Qh4 Bg7 28. Qh7+ Kf8 29. Qg6 Qe8 30. Nh7+ {
1-0 (30) Leventic,I (2390)-Cibulka,V (2280) Luxembourg 1993}) (7... Na6) (7...
a6) (7... c5) 8. O-O (8. c4) 8... Nc6 (8... c5 9. dxc5 Bxc5 10. b4 Be7) 9. c3
f5 $5 {Rapport jugo la apertura de manera peculiar.} 10. exf6 (10. Rc1 $16) (
10. c4 $16) 10... Qxf6 11. Re1 (11. Qe2) (11. Qc2) 11... Bd6 12. Ne5 O-O-O (
12... O-O 13. Nxd7 (13. Ng6 Rf7 14. f4) (13. Ng4 $14) 13... Bxh2+ 14. Kh1 (14.
Kxh2 Qh4+ 15. Kg1 Qxf2+ 16. Kh1 Qh4+)) 13. Nxd7 (13. Qe2) 13... Kxd7 $5 (13...
Rxd7) 14. Qg4 (14. Bb5 $1 $16) (14. Qh5) 14... Rdf8 (14... Rhf8) 15. Re2 (15.
Qe2) 15... h5 16. Qg5 (16. Qh3) (16. Qg6) 16... Qxg5 17. Bxg5 e5 $5 (17... Bf4
18. Bxf4 Rxf4 $14 19. g3 Rf3) 18. dxe5 Nxe5 19. Bc2 Ng4 $5 (19... h4 20. Rd1 c6
$16) 20. Rd1 (20. h3 $1 Nxf2 21. Rxf2 Bc5 22. Raf1 Bxf2+ 23. Rxf2 Rxf2 24. Kxf2
$14 {parece mejor para el blanco}) 20... Bxh2+ $11 21. Kf1 c6 22. c4 Bg3 23. f3
Nf6 24. cxd5 Nxd5 25. Be4 {
Las blancas recuperan el peon pero la posicion se iguala} Re8 (25... Kc8) 26.
Bxd5 cxd5 27. Rxd5+ Kc6 28. Rdd2 Rxe2 29. Rxe2 Bd6 30. Rc2+ Kd5 31. Rd2+
1/2-1/2

[Event "I Torneo entre Faros"]
[Site "?"]
[Date "2013.10.13"]
[Round "9"]
[White "Cheparinov, Ivan"]
[Black "Salgado, Ivan"]
[Result "1-0"]
[WhiteElo "2672"]
[BlackElo "2624"]
[Annotator "MF Oscar de Prado"]
[PlyCount "49"]
[SourceDate "2010.01.11"]

1. d4 Nf6 2. c4 g6 3. Nf3 Bg7 4. g3 b6 (4... O-O) 5. Bg2 Bb7 6. O-O (6. d5 b5)
6... O-O 7. d5 $1 {Esta linea molesto a Ivan que no la tenia bien preparada} (
7. Nc3) 7... b5 $5 (7... Na6) (7... Ne4) (7... c6) (7... e6 8. Nc3) 8. Qb3 Qc8
9. Qxb5 c6 10. dxc6 Nxc6 11. Nc3 Rb8 12. Qa4 Ba6 (12... Ba8 13. a3 d6 14. Rb1
Nd7 15. Qc2 Na5 16. b3 Nc5 17. b4 Bxc3 18. Qxc3 Ne4 19. Qa1 Nxc4 20. Bh6 e5 21.
Bxf8 Kxf8 22. Rbc1 Qe6 23. Rc2 f6 24. Qc1 d5 25. Ne1 Ned6 26. Nd3 Kg8 27. Nc5
Qf7 28. e4 Nb5 29. exd5 Nd4 30. Ne6 Nxc2 31. Qxc2 Nxa3 32. Qc5 Nb5 33. f4 exf4
34. Rxf4 a6 35. g4 Bb7 36. Qf2 Qe7 37. Rxf6 Nd6 38. Qd4 Re8 39. h4 Bc8 40. h5
Bxe6 41. Rxe6 Qh4 42. Qe3 Rd8 43. hxg6 hxg6 44. Rxg6+ Kh7 45. Rg5 {
1-0 (45) Yudovich,M-Simagin,V ch/Moscow/tt 1965}) 13. a3 (13. b3 Ne4 14. Nxe4
Bxa1 15. Nc5 Rb6 16. Be3 $14) 13... Ng4 (13... Ne8 14. c5 Nc7 15. Qc2 Qb7 16.
b4 Bxe2 17. Qxe2 Bxc3 18. Rb1 Qb5 19. Qd1 Ne6 20. Be3 Rfd8 21. a4 Qc4 22. b5
Ncd4 23. Nxd4 Nxd4 24. Kh1 Rbc8 25. Rc1 Nf5 26. Bd2 {
1-0 (26) Lalic Bogdan-Welling,G Isle of Man Monarch 1995}) 14. c5 (14. Ra2 Nge5
(14... Bxc3) 15. Nxe5 Nxe5 16. b3 Bb7 17. Nd5 Re8 18. Qxa7 e6 19. Nb6 Qc7 20.
Bf4 d6 21. c5 dxc5 22. Nc4 g5 23. Bxg5 Nxc4 24. bxc4 Rec8 25. Rd1 Bxg2 26. Qxc7
Rxc7 27. Kxg2 Ra7 28. Rd3 Ra4 29. Rc2 Bb2 30. Bf4 {
1-0 (30) Szekely,P-McMahon,D Telecom 1991}) 14... Nge5 (14... h5 $5) (14... d6)
15. Nxe5 Bxe5 (15... Nxe5 16. b4) 16. Re1 (16. Ra2 $16) (16. Rd1) 16... Re8 (
16... e6) (16... Qb7) 17. h4 (17. Ra2) 17... h5 $2 (17... Nd8 $1 {
parece que era la unica y las negras parece que tienen compensacion.}) (17...
Bxc3 18. bxc3) 18. Bf4 $1 Bxf4 (18... Bxc3 19. bxc3 Bb5) (18... Rxb2 19. Bxc6)
19. Qxf4 Rxb2 $2 (19... Nd8 20. Bd5 Ne6 21. Bxe6 dxe6 22. b4 $18) 20. Bd5 $18
Nd8 (20... e6 21. Ne4 $18) 21. Qh6 $1 Qxc5 (21... e6 22. Ne4) 22. Qxg6+ Kf8 23.
Qh6+ Kg8 24. Qg5+ Kf8 25. Na4 1-0

[Event "I Torneo entre Faros"]
[Site "?"]
[Date "2013.10.12"]
[Round "8"]
[White "Granda, Julio"]
[Black "Cheparinov, Ivan"]
[Result "1/2-1/2"]
[WhiteElo "2665"]
[BlackElo "2672"]
[Annotator "MF Oscar de Prado"]
[PlyCount "106"]
[SourceDate "2010.01.11"]

1. e4 c5 2. b3 {Kramnik gano el otro da con esto en el Campeonato Ruso
pero Cheparinov lo tena mirado} b6 {
para molestar el desarrollo del alfil por b2 y el peon e4} 3. c4 Bb7 4. Bd3 $5
(4. Nc3) 4... Nc6 5. Nf3 Nb4 6. Bc2 Nxc2+ 7. Qxc2 e5 (7... g6) 8. Nc3 (8. Nxe5
Qg5) 8... d6 9. d3 g6 (9... Ne7 $1) 10. b4 $1 cxb4 11. Qa4+ Qd7 12. Qxb4 Ne7
13. h4 h6 14. Ba3 Rd8 15. h5 g5 16. Nd2 Nc6 17. Qa4 f5 (17... Nd4) 18. Nd5 Kf7
19. exf5 Nd4 20. Qxd7+ Rxd7 21. Rc1 Nxf5 22. Ne4 Ke6 23. O-O Bg7 24. Nec3 Nd4
25. Rfe1 b5 26. Ne3 bxc4 27. dxc4 Rc8 28. Ne2 Ba6 (28... Nf5 $15) 29. Nxd4+
exd4 30. Nf1+ Kf7 (30... Be5 $15) 31. Nd2 Rc6 32. Ne4 Bf8 33. c5 dxc5 34. Nxc5
Rdc7 (34... Bxc5 35. Rxc5 Rxc5 36. Bxc5 d3 37. Be3) 35. Nxa6 Bxa3 36. Nxc7 $11
Bxc1 37. Nb5 d3 38. Rd1 d2 (38... a6 39. Nd4 Rc3 40. Nb3 Ba3 $15) 39. Nd4 Rc5
40. Kf1 Kf6 41. Nb3 Rc2 42. a4 g4 (42... Ra2 43. Nxc1 dxc1=Q 44. Rxc1 Rxa4 45.
Rc6+) 43. g3 Kg5 44. Ke2 Kxh5 45. Nxd2 Kg6 46. Kd3 Rxd2+ (46... Rc7) 47. Rxd2
Bxd2 48. Kxd2 Kf5 49. Ke3 Ke5 50. a5 a6 51. f4+ gxf3 52. Kxf3 h5 53. g4 hxg4+
1/2-1/2

[Event "I Torneo entre Faros"]
[Site "?"]
[Date "2013.10.12"]
[Round "8"]
[White "Salgado, Ivan"]
[Black "Bruzon, Lazaro"]
[Result "0-1"]
[WhiteElo "2624"]
[BlackElo "2685"]
[Annotator "MF Oscar de Prado"]
[PlyCount "66"]
[SourceDate "2010.01.11"]

1. e4 e5 2. Bc4 Nf6 3. d3 Nc6 4. Nf3 Be7 5. O-O O-O 6. a4 d6 7. a5 a6 8. Re1 h6
9. c3 Nh7 10. Be3 (10. Nbd2 Ng5) 10... Kh8 (10... Ng5 11. Nbd2 Bg4 12. h3 Nxf3+
13. Nxf3 Bxf3 14. Qxf3) 11. d4 {Novedad.} (11. Qb3 Qe8 (11... Ng5 12. Nbd2 f5
13. exf5 Rxf5 14. Bxg5 Bxg5 15. Ne4 Bf4 16. Be6 Rf8 17. Bxc8 Qxc8 18. Qd1 d5
19. Nc5 Qf5 20. Qb3 e4 21. dxe4 dxe4 22. Nxe4 Nxa5 23. Qb4 b6 24. Ng3 Bxg3 25.
hxg3 Rae8 26. Rxe8 Rxe8 27. Qa4 Rf8 28. Re1 Qf6 29. Re4 Qf5 30. Qc2 Nb3 31. Nh4
Qh7 32. Qe2 Nc5 33. Re7 Qb1+ 34. Kh2 Rf6 35. Qg4 {
1-0 (35) Mamedov,N (2602)-Biolek,R (2412) Teplice CZE 2013}) (11... f5 12. exf5
Rxf5 13. Nbd2 Ng5 14. Bd5) 12. Nbd2 f5 13. exf5 {
1/2-1/2 (13) Predojevic,B (2652)-Sokolov,I (2669) Sarajevo BIH 2009} Bxf5 14.
Ne4 Nd8 15. Ng3 Bg6 16. d4 e4 17. Nd2 Bh4 18. f3 exf3 19. Nxf3 Bxg3 20. hxg3
Qd7 21. Nh4 Bf7 22. Rf1 Bxc4 23. Qxc4 Rf7 24. d5 Kg8 25. Bd4 Ng5 26. Rae1 c5
27. Be3 Rxf1+ 28. Qxf1 Ndf7 {
1/2-1/2 (28) Korneev,O (2638)-Golod,V (2576) Porz Erin IOM 2006}) 11... f5 12.
exf5 (12. d5) 12... e4 13. Nfd2 Rxf5 $2 (13... d5 $11) (13... Bxf5 $11 14. f3
exf3 15. Nxf3) 14. d5 Ne5 15. Be2 Nd3 (15... Nf6 16. c4) (15... Ng5 16. Ra4) (
15... Bg5 16. Nxe4) 16. Bxd3 exd3 17. c4 Bf6 18. Nc3 (18. Ne4 Bxb2 19. Ra2 Be5)
18... Bxc3 19. bxc3 Rf7 20. Nb3 (20. Nf3 Bg4 (20... Bf5 21. Nd4 Bg6) 21. Ne5
dxe5 22. Qxg4) (20. Rb1 $16 c5 21. Rb6) 20... Bf5 21. Nd4 Bg6 (21... Qd7 22.
Qb3) 22. Ne6 Qh4 23. Bd4 (23. Ra4 $16) (23. f4) (23. Nf4 Rxf4 24. g3 Rg4) 23...
Ng5 24. f4 (24. Qd2) (24. c5) 24... Nxe6 25. g3 (25. Rxe6 Bf5) 25... Qh3 26.
dxe6 (26. Rxe6 Bf5 27. Re3 c5 28. dxc6 bxc6 29. c5) 26... Re7 27. g4 Rf8 (27...
Rae8 28. Re3 (28. f5 Bxf5 29. gxf5 Qxf5 30. Ra2 Rxe6 31. Rxe6 Rxe6 32. Rg2 c5)
28... Qh4 29. f5 c5) (27... c5 28. Bf2 h5 29. f5 Bh7 30. Bg3) 28. Re3 $4 (28.
f5 $11 Bxf5 29. gxf5 Rxf5 30. Bf2 Rg5+ (30... h5 31. Re3 Rg5+ 32. Rg3 Qf5) 31.
Bg3 Rxg3+ (31... h5 32. Qd2) 32. hxg3 Qxg3+ 33. Kf1 Qf4+ 34. Kg2 d2 35. Re2
Qg4+) 28... Qh4 29. f5 c5 30. Bxg7+ (30. fxg6 cxd4 31. cxd4 Qf2+) (30. Rg3 cxd4
31. cxd4 Bxf5 32. gxf5 Qxd4+) (30. Rxd3 cxd4 31. Rxd4 Be8) 30... Rxg7 31. e7 (
31. Qxd3 Rxf5) 31... Rxe7 (31... Rxf5) 32. Rxe7 Qxe7 33. Qxd3 (33. fxg6 Qe3+)
33... Bf7 0-1

[Event "I Torneo entre Faros"]
[Site "?"]
[Date "2013.10.11"]
[Round "7"]
[White "Bruzon, Lazaro"]
[Black "Granda, Julio"]
[Result "1/2-1/2"]
[WhiteElo "2685"]
[BlackElo "2665"]
[Annotator "MF Oscar de Prado"]
[PlyCount "90"]
[SourceDate "2010.01.11"]

1. e4 e5 2. Nf3 Nc6 3. Bb5 Nf6 4. d3 {
Bruzon se decide por una de las lineas cerradas de la Espanola} Bc5 5. c3 (
5. O-O) 5... O-O 6. O-O d6 7. h3 Ne7 (7... a6 8. Bxc6 bxc6 9. Re1 Re8 10. Nbd2
d5 11. exd5 Qxd5 12. Nb3 Bf8 13. c4 Qd6 14. Be3 Nd7 15. d4 e4 16. Nfd2 a5 17.
a4 f5 18. c5 Qg6 19. Nc4 Nf6 20. Bf4 Nd5 21. Qd2 Be6 22. Nbxa5 Reb8 23. Ne5 Qf6
24. Bh2 Rxa5 25. Qxa5 Rxb2 26. Rab1 Ra2 27. Qa6 e3 28. fxe3 Qg5 29. Re2 Nxe3
30. Nf3 Qg6 31. Rxa2 Bxa2 32. Rb2 Bc4 33. Qa5 Bd5 34. Qe1 f4 35. Bxf4 Nc2 36.
Qf2 Bxf3 37. Rxc2 {1-0 (37) Carlsen,M (2872)-Grischuk,A (2764) London ENG 2013}
) (7... h6 8. Nbd2 a6 9. Bxc6 bxc6 10. Nc4 Be6 11. b4 Bb6 12. Re1 Nd7 13. Be3
f5 14. exf5 Bxf5 15. Nxb6 Nxb6 16. Bxb6 cxb6 17. d4 e4 18. Nd2 d5 19. f3 Qg5
20. fxe4 Bxh3 21. Qe2 Rf4 22. Nf3 Qg3 23. Qf2 Qg6 24. exd5 Rg4 25. Re2 Rf8 26.
Qf1 Rg3 27. Rf2 Bxg2 28. Rxg2 Rfxf3 29. Qxf3 {
1-0 (29) Polgar,J (2687)-Eljanov,P (2716) Netanya ISR 2009}) 8. d4 (8. Nbd2 a6
9. Ba4 Ng6 10. d4 Ba7 11. Re1 b5 12. Bc2 c5 13. d5 c4 14. Nf1 Nh5 15. Bg5 f6
16. Be3 Nhf4 17. Ng3 Ne7 18. a4 Qc7 19. axb5 axb5 20. Ra3 Bxe3 21. Rxa8 Bb6 22.
Qd2 Qc5 23. Qe3 Qc7 24. Qd2 Qc5 25. Qe3 Qc7 {
1/2-1/2 (25) Radjabov,T (2784)-Kramnik,V (2801) Moscow 2012}) 8... Bb6 9. Re1 (
9. Bd3 d5 10. dxe5 Nxe4 11. Nbd2 f5 12. exf6 Nxf6 13. Re1 Bf5 14. Nf1 Bxd3 15.
Qxd3 Ng6 16. Be3 Ne4 17. Bxb6 axb6 18. Ng3 Nxg3 19. fxg3 Qd6 20. Kh2 c6 21. c4
Rad8 22. Rad1 Qf6 23. cxd5 Ne7 24. Re6 Qxe6 25. dxe6 Rxd3 26. Rxd3 Nd5 27. Ra3
Rb8 28. Ne5 h6 29. Ng6 Re8 30. Nf4 Nxf4 31. gxf4 Rxe6 32. Ra7 Re7 33. Kg3 Kf7
34. Kf3 b5 35. Ra8 b4 36. Rc8 Ke6 37. Rd8 Rd7 38. f5+ Ke7 39. Rxd7+ Kxd7 40.
Ke4 Kd6 41. g4 c5 42. h4 c4 43. Kd4 b5 44. g5 h5 45. Ke4 c3 46. Kd3 cxb2 47.
Kc2 Ke5 {0-1 (47) Ivanchuk,V (2766)-Karjakin,S (2775) Beijing CHN 2012}) (9.
Nbd2 Ng6 10. Re1 c6 11. Bf1 (11. Ba4 Re8 12. Bc2 h6 13. a4 a5 14. b3 Bc7 15.
Ba3 Nh7 16. dxe5 dxe5 17. Nf1 Qf6 18. N3h2 Nf4 19. Qf3 Bb6 20. Ne3 Ng5 21. Qg3
Qg6 22. Kh1 Nh5 23. Qh4 Nxh3 24. Rad1 Qg5 25. Qxg5 Nxg5 26. Nhg4 Nf4 27. Nf5
Bxf5 28. exf5 h5 29. Ne3 h4 30. Bc1 Bxe3 31. Bxe3 h3 32. gxh3 Nf3 33. Rf1 Nd5
34. c4 Nf6 35. Rd6 e4 36. Bd1 Rad8 37. c5 Nd5 38. Bxf3 exf3 39. Kh2 Rb8 40. Kg3
Re4 41. Kxf3 Rb4 42. Rb1 Re8 43. Bd2 Rd4 44. Re1 Rd3+ 45. Kg2 Ra8 46. Bg5 f6
47. Bc1 Rxb3 48. Rd7 Rb4 49. Kh2 Rf8 50. Bh6 gxh6 51. Rg1+ Kh8 52. Rgg7 Re8 {
1/2-1/2 (52) Alekseev,E (2714)-Ma Qun (2584) Kazan RUS 2013}) (11. Bd3 Re8 12.
Nf1 d5 13. Bg5 dxe4 14. Rxe4 Bf5 15. Re1 Bxd3 16. Qxd3 h6 17. Bxf6 Qxf6 18. Ng3
Nf4 19. Qf5 Qxf5 20. Nxf5 exd4 21. N3xd4 Nd3 22. Rxe8+ Rxe8 23. b4 Rd8 24. Rd1
Nf4 25. Re1 Kf8 26. a3 h5 27. a4 Nd5 28. Ne2 g6 29. Nfg3 Re8 30. a5 Bc7 31. Kf1
h4 32. Nh1 Re4 33. g3 a6 34. gxh4 Rxh4 35. Nhg3 Be5 36. Rc1 Rxh3 37. Kg2 Rh4
38. Kf3 f5 39. Nf1 Rh3+ 40. Nfg3 Ke7 41. Re1 Kf6 42. Rd1 Rh4 43. Nf1 Nxc3 44.
Nxc3 Bxc3 45. Rd6+ Ke5 {
0-1 (45) Efimenko,Z (2706)-Ponomariov,R (2764) Khanty-Mansiysk 2011}) 11... Re8
12. b4 d5 13. dxe5 Nxe5 14. exd5 Nxf3+ 15. Nxf3 Ne4 16. Be3 Nxc3 17. Bxb6 axb6
18. Qc2 Nxd5 19. Rxe8+ Qxe8 20. Re1 Qd8 21. Ng5 g6 22. Qd2 b5 23. g3 Bf5 24. g4
Bd7 25. Bg2 Qf6 26. Ne4 Qg7 27. Nc5 Be6 28. Nxe6 fxe6 29. Rxe6 Rd8 30. Qg5 Qd7
31. Re5 Nxb4 32. Re7 Qd1+ 33. Bf1 Nd5 34. Rxb7 Rf8 35. Qh6 {
1-0 (35) Polgar,J (2677)-Grischuk,A (2702) Moscow RUS 2002}) 9... Ng6 (9... d5
10. Nxe5 Nxe4 11. Nd2 Nd6 (11... Nxd2 12. Bxd2 f6 13. Nd3 Bd7 14. a4 c6 15. a5
Bxa5 16. Nc5 Bc8 17. Bd3 Bb6 18. Ne6 Bxe6 19. Rxe6 Ng6 20. Qh5 Re8 21. Rae1
Rxe6 22. Rxe6 Nf8 23. Re3 Bc7 24. g3 b5 25. h4 Bd6 26. b3 a5 27. c4 bxc4 28.
bxc4 Bb4 29. Bc1 a4 30. Bb1 Qb6 31. cxd5 Bd6 32. Ba2 c5 33. Re7 Kh8 34. Rf7 Kg8
35. Re7 Kh8 36. Qf7 Bxe7 37. d6 Ng6 38. dxe7 Nxe7 39. Qxe7 cxd4 40. Qe4 Rc8 41.
Bf4 Rd8 42. Qe7 Rc8 43. Qe4 Rd8 44. Qe7 Rc8 45. h5 Qd8 46. Qb7 h6 47. Be6 Rc3
48. Qf7 a3 49. Bd6 Qa8 50. Bd5 a2 51. Bxa8 a1=Q+ 52. Kh2 Qe1 53. Kh3 Rc8 54.
Bf8 Rxf8 55. Qxf8+ Kh7 56. Bd5 Qf1+ 57. Kh4 {
1-0 (57) Svidler,P (2769)-Karjakin,S (2767) Sandnes NOR 2013}) 12. Bf1 c6 13.
Nb3 Ng6 14. Bd3 Bf5 15. Bxf5 Nxf5 16. Qg4 Qc8 17. Bg5 f6 18. Nxg6 hxg6 19. Bf4
Kf7 20. Nc1 Re8 21. Nd3 Re4 22. f3 Rxe1+ 23. Rxe1 Qh8 24. Bd2 Bc7 25. Bf4 Bb6
26. Bd2 Bc7 27. Bf4 {
1/2-1/2 (27) Dominguez Perez,L (2757)-Bacrot,E (2723) Linares ESP 2013}) 10.
Bd3 (10. Qc2 c6 11. Bd3 Nh5 12. Bf1 Nhf4 13. dxe5 dxe5 14. Be3 Nh4 15. Nxh4
Qxh4 16. Nd2 Be6 17. Bxb6 axb6 18. a4 Rad8 19. Re3 Rd6 20. Nf3 Qf6 21. Rd1 Rxd1
22. Qxd1 Rd8 23. Qc2 h5 24. h4 Bg4 25. g3 Nh3+ 26. Kg2 g5 27. hxg5 Nxg5 28.
Nxg5 Qxg5 29. Rd3 Rxd3 30. Qxd3 h4 31. gxh4 Qxh4 32. b4 Kg7 33. Qg3 Qxg3+ 34.
Kxg3 Be6 35. Bh3 Bxh3 36. Kxh3 b5 37. a5 Kg6 38. Kg4 f6 39. f3 f5+ 40. Kh4 fxe4
41. fxe4 Kh6 42. Kg4 Kg6 {
Â1/2-Â1/2 (42) Leko,P (2744)-Granda Zuniga,J (2664) Tromso NOR 2013}) (10. Nbd2
) 10... c6 (10... Re8 11. Qc2 c6 (11... h6 12. Be3 Nh5 13. Nbd2 Qf6 14. Bf1
Nhf4 15. a4 c6 16. b4 d5 17. a5 Bc7 18. Kh1 Be6 19. dxe5 Bxe5 20. Nxe5 Qxe5 21.
Bd4 Qc7 22. c4 dxc4 23. Nxc4 Bxc4 24. Qxc4 b6 25. Be3 Ne6 26. Rec1 Rac8 27. Qc3
c5 28. Ba6 Rcd8 29. f3 Ngf4 30. Bf1 Nh5 31. Kg1 Ng3 32. Bb5 Nf4 33. Ra2 Re6 34.
bxc5 bxc5 35. Qxc5 Qb8 36. Qc7 Rd1+ 37. Kh2 Qxc7 38. Rxc7 Nfh5 39. Rc1 Rxc1 40.
Bxc1 Re5 41. Bc4 Rc5 42. Ra4 Rc6 43. Be3 {
1-0 (43) Dominguez Perez,L (2723)-Harikrishna,P (2705) Havana CUB 2013}) 12.
Be3 d5 13. dxe5 Nxe5 14. Nxe5 Rxe5 15. Bxb6 axb6 16. f4 Rh5 17. e5 Nd7 18. Qe2
Rh4 19. e6 Nc5 20. exf7+ Kxf7 21. Nd2 Nxd3 22. Qxd3 Rxf4 23. Qxh7 Bf5 24. Qh5+
Bg6 25. Qe5 Rf6 26. Nf3 Kg8 27. Ng5 Qd7 28. a3 Raf8 29. Rad1 Qf5 30. Qe3 Qf2+
31. Qxf2 Rxf2 32. Re6 Be4 33. Nxe4 dxe4 34. Rxe4 Rxb2 35. Rd7 Rff2 36. Rg4 Rf7
37. Rxf7 Kxf7 38. Rb4 Ra2 39. Rxb6 Rxa3 40. Rxb7+ Kg8 41. c4 Ra4 42. c5 Ra5 43.
Rc7 Rxc5 {1/2-1/2 (43) Adams,M (2725)-Anand,V (2780) Baden-Baden GER 2013}) 11.
Be3 Bc7 {Novedad de Granda} (11... Re8 12. Nbd2 Bd7 (12... h6 13. Qc2 Bd7 (
13... Be6 14. a4 Bc7 15. b4 Nh5 16. Rad1 Nhf4 17. Bf1 Qf6 18. Kh2 h5 19. g3 h4
20. dxe5 hxg3+ 21. fxg3 dxe5 22. gxf4 Nxf4 23. Bc4 Nxh3 24. Bxe6 Qxe6 25. Nb3
Nf4 26. Bxf4 exf4 27. Nbd4 Qh6+ 28. Kg1 a5 29. Rd2 Bb6 30. Rh2 Qg6+ 31. Kf2 f5
32. Ng5 fxe4 33. Nxe4 Re6 34. Qa2 Rae8 35. Ng5 Qxg5 36. Rxe6 Bxd4+ 37. cxd4
Qg3+ 38. Kf1 Qf3+ 39. Ke1 Qc3+ 40. Ke2 f3+ 41. Kf2 {
1-0 (41) Popov,I (2656)-Hovhannisyan,R (2623) Martuni ARM 2013}) 14. Rad1 Bc7
15. dxe5 Nxe5 16. Nxe5 dxe5 17. Bf1 Qe7 18. b4 Red8 19. a4 Be6 20. a5 Nd7 21.
Ra1 b6 22. a6 Nf8 23. Nf3 Ng6 24. g3 Bd6 25. Red1 Rac8 26. Rd2 Bc7 27. Rad1
Rxd2 28. Rxd2 Rd8 29. h4 Nf8 30. Rxd8 Qxd8 31. Nd2 Qc8 32. Qa4 Bd6 33. Nc4 Bxc4
34. Bxc4 b5 35. Qd1 Be7 36. Bb3 Ne6 37. Qg4 Kf8 38. Qf5 Bf6 39. g4 Ke8 40. g5
hxg5 41. hxg5 {1-0 (41) Caruana,F (2770)-Giri,A (2693) Malmo 2012}) 13. Qc2 Nh5
14. Bf1 Nhf4 15. Rad1 exd4 16. cxd4 d5 17. e5 f6 18. Nb3 fxe5 19. Nxe5 Nxe5 20.
Bxf4 Ng6 21. Bg3 Bc7 22. Qc3 Bxg3 23. Qxg3 Bf5 24. Nc5 b6 25. Rxe8+ Qxe8 26.
Na6 Qe7 27. Rc1 Rc8 28. a3 c5 29. dxc5 bxc5 30. Rd1 Be6 31. Re1 Qf6 32. Qd6 Bf7
33. Qd7 Rd8 34. Qxa7 c4 35. Qb7 d4 36. Nc5 d3 37. Ne4 Qd4 38. Nc3 Bd5 39. Qb5
Ne5 40. Nxd5 Qxd5 41. Rxe5 Qxb5 42. Rxb5 Re8 43. Bxd3 cxd3 44. Rd5 Re1+ 45. Kh2
Rd1 46. Kg3 Kf7 47. Kf3 Ke6 48. Rd8 Ke5 49. b4 g5 50. b5 h5 51. a4 g4+ 52. hxg4
hxg4+ 53. Kxg4 Ke4 54. b6 Rb1 55. a5 Rb4 56. a6 Rd4 57. f3+ Ke3+ 58. Rxd4 Kxd4
59. b7 d2 60. b8=Q d1=Q 61. Qd6+ {
1-0 (61) Artemiev,V (2524)-Ovod,E (2387) Yekaterinburg RUS 2013}) 12. Nbd2 Nh5
$5 13. Bf1 (13. dxe5 dxe5) (13. Nxe5 Nxe5 (13... Ngf4 14. Be2 dxe5 15. Bxh5
exd4 16. cxd4 Nxh5 17. Qxh5 Be6) 14. dxe5 dxe5 15. Bc4 (15. Qxh5 Qxd3 $11)
15... Qh4 $11) 13... Nhf4 14. a4 (14. Kh2 Qe7 15. g3 h6 $11 16. gxf4 exf4 $17)
14... h6 (14... Qf6) 15. Qc2 (15. Qb3) 15... Qf6 16. a5 Re8 (16... Be6) 17. Kh1
(17. Kh2 exd4 18. cxd4 d5 19. e5 $11 (19. g3 Nxh3 20. Bxh3 Bxh3 21. Kxh3 dxe4
22. Ne5 $14)) 17... Nf8 (17... Be6) 18. dxe5 (18. b4) 18... dxe5 19. Ng1 $5 Qg6
20. g3 Nd5 21. Bc5 (21. Nc4) 21... Ne6 22. Ba3 Nf6 23. b4 $6 b5 $2 (23... Rd8
$15) 24. Bg2 (24. axb6 axb6 $11) 24... a6 (24... Rd8) 25. Rad1 Ng5 26. h4 Qh5
27. Nf1 Ngh7 $2 (27... Bg4 $15) 28. Bf3 (28. c4 $1 $14) 28... Bg4 (28... Ng4 $1
$13) 29. Bxg4 Qxg4 30. Bc1 (30. f3) 30... Rad8 31. f3 Qe6 32. Be3 Nf8 33. Kg2
Qc8 34. Bf2 Ne6 $11 35. Ne3 g6 36. Ne2 h5 37. Nc1 Kg7 38. Nb3 $6 (38. Nd3 $1)
38... Bd6 39. Qb2 Qb8 40. Nc1 c5 (40... Be7) 41. Nd5 c4 42. Nxf6 (42. Nb6)
42... Kxf6 43. Ne2 Kg7 44. Rd5 Nc7 45. Rd2 Ne6 1/2-1/2